Catálogo
 En Linea

El huracán Alejandro / (Registro nro. 49716)

Detalles MARC
000 -CABECERA
campo de control de longitud fija 01025nam a22002897a 4500
003 - IDENTIFICADOR DEL NÚMERO DE CONTROL
campo de control DO-SdBNP
005 - FECHA Y HORA DE LA ÚLTIMA TRANSACCIÓN
campo de control 20260116073830.0
007 - CAMPO FIJO DE DESCRIPCIÓN FÍSICA--INFORMACIÓN GENERAL
campo de control de longitud fija ta
008 - DATOS DE LONGITUD FIJA--INFORMACIÓN GENERAL
campo de control de longitud fija 210412e2018 dr ||||er|||| 001 0 spa d
020 ## - NÚMERO INTERNACIONAL ESTÁNDAR DEL LIBRO
Número Internacional Estándar del Libro 9789945090352
040 ## - FUENTE DE LA CATALOGACIÓN
Centro catalogador/agencia de origen DO-SdBNP
Lengua de catalogación spa
Centro/agencia transcriptor BNPHU
082 #4 - NÚMERO DE LA CLASIFICACIÓN DECIMAL DEWEY
Número de clasificación 158.1
Número de documento/Ítem R457e
Número de edición 22
100 1# - ENTRADA PRINCIPAL--NOMBRE DE PERSONA
Nombre de persona Reyes Restrepo, Alejandro
9 (RLIN) 78358
245 13 - MENCIÓN DE TÍTULO
Título El huracán Alejandro /
Mención de responsabilidad, etc. Alejandro Reyes Restrepo.
260 ## - PUBLICACIÓN, DISTRIBUCIÓN, ETC.
Lugar de publicación, distribución, etc. Santo Domingo :
Nombre del editor, distribuidor, etc. Camilo, SRL ,
Fecha de publicación, distribución, etc. 2018
300 ## - DESCRIPCIÓN FÍSICA
Extensión 438 p. ;
Dimensiones 22 cm.
500 ## - NOTA GENERAL
Nota general Incluye datos biográficos del autor en la contracubierta.
505 1# - NOTA DE CONTENIDO CON FORMATO
Nota de contenido con formato Prólogo.-
Título Primera parte :
Identificador Uniforme del Recurso <a href="Capítulo de la vida.-">Capítulo de la vida.-</a>
Título Segunda parte :
Identificador Uniforme del Recurso <a href="Capítulo de la profesión.-">Capítulo de la profesión.-</a>
Título Tercera parte :
Identificador Uniforme del Recurso <a href="Capítulo del oficio.-">Capítulo del oficio.-</a>
505 1# - NOTA DE CONTENIDO CON FORMATO
Nota de contenido con formato Agradecimientos.-
505 1# - NOTA DE CONTENIDO CON FORMATO
Nota de contenido con formato Reconocimiento,
Identificador Uniforme del Recurso <a href="Minutos de silencio,">Minutos de silencio,</a>
590 ## - NOTA LOCAL (RLIN)
Nota local Inventariado, 2022/MFF
650 #0 - PUNTO DE ACCESO ADICIONAL DE MATERIA--TÉRMINO DE MATERIA
Término de materia o nombre geográfico como elemento de entrada Éxito
9 (RLIN) 394
650 #4 - PUNTO DE ACCESO ADICIONAL DE MATERIA--TÉRMINO DE MATERIA
Término de materia o nombre geográfico como elemento de entrada Autorrealización (Psicología)
9 (RLIN) 211
650 #0 - PUNTO DE ACCESO ADICIONAL DE MATERIA--TÉRMINO DE MATERIA
Término de materia o nombre geográfico como elemento de entrada Autoestima
9 (RLIN) 212
910 ## - DATOS DE OPCIÓN DEL USUARIO (OCLC)
Datos de opción del usuario Validado. Control de calidad MFF
942 ## - ELEMENTOS DE PUNTO DE ACCESO ADICIONAL (KOHA)
Fuente del sistema de clasificación o colocación Dewey Decimal Classification
Tipo de ítem Koha Libro
Existencias
Estado de retiro Estado de pérdida Fuente del sistema de clasificación o colocación Restricciones de uso No para préstamo Código de colección Localización permanente Ubicación/localización actual Ubicación en estantería Fecha de adquisición Fuente de adquisición Total de préstamos Signatura topográfica completa Código de barras Fecha visto por última vez Precio válido a partir de Tipo de ítem Koha Número de copia Nota pública
    Dewey Decimal Classification Préstamo restringido   Patrimonio Dominicano Biblioteca Nacional Pedro Henríquez Ureña Biblioteca Nacional Pedro Henríquez Ureña Depósito 18.06.2018 Depósito legal   BNPHU PD 158.1 R457e 2021-1364 12.04.2021 12.04.2021 Libro    
    Dewey Decimal Classification Préstamo restringido   Patrimonio Dominicano Biblioteca Nacional Pedro Henríquez Ureña Biblioteca Nacional Pedro Henríquez Ureña Depósito 18.06.2018 Depósito legal   BNPHU PD 158.1 R457e 2021-1365 12.04.2021 12.04.2021 Libro e.2 Ejemplar autobiografiado
    Dewey Decimal Classification Préstamo en sala   Patrimonio Dominicano Biblioteca Nacional Pedro Henríquez Ureña Biblioteca Nacional Pedro Henríquez Ureña Depósito 18.06.2018 Donado por Alejandro Reyes   BNPHU DS 158.1 R457e 2021-1366 12.04.2021 12.04.2021 Libro e.3  

Con tecnología Koha